| 000 | 00412nam a2200157Ia 4500 | ||
|---|---|---|---|
| 008 | 230711s9999||||xx |||||||||||||| ||und|| | ||
| 041 | _aENG | ||
| 082 |
_a624 _b9352 |
||
| 100 | _aGeorge B. Rutkowski | ||
| 245 | 0 | _aSolid-State electronics | |
| 250 | _a4th Ed. | ||
| 260 |
_c1993 _aNew Delhi _bTata McGraw Hill Education Limited |
||
| 650 | _aElectronics Engineering | ||
| 700 | _aJerome E. Oleksy | ||
| 942 | _cBK | ||
| 999 |
_c2337 _d2337 |
||